000 00995nam a22002537a 4500
003 BD-DhSAU
005 20210930100635.0
008 210929b |||||||| |||| 00| 0 eng d
040 _aBD-DhSAU
082 _222
_a630.2
_bM866
100 _a MOURI, MORIOM BEGUM;
_eREG.NO.:#18-09183
245 _aPotential health risk of heavy metals via fishes from different water sources in some parts of patuakhali distric of bangladesh /
_bMs Thesis
260 _aSher-e-bangla Agricultural University Dhaka 1207;
_bDepartment of Agricultural Chemistry;
_c2020.;
300 _aviii.;
_b45p.;
_c30cm.;
500 _aIncluding Index.;
590 _anazmul
600 _qheavy metals via fishes
610 _a water sources
650 _apatuakhali distric of bangladesh
700 _aDr. Md. Sirajul Islam Khan
_eSupervisor
710 _aDr. Md. Khairul Alam
_eCo-Supervisor
856 _uhttp://archive.saulibrary.edu.bd:8080/xmlui/handle/123456789/3564
_yOnline Access
942 _2ddc
_cTHESIS
999 _c15340
_d15339